000 00948nam a22002057a 4500
005 20251108172343.0
008 250721s2003 xx 000 0 ara d
082 1 4 _a214.5/حنف
100 1 _aالحنفي، شهاب الدين أحمد الحموي الحسيني
_eمؤلف
245 1 0 _aنفحات القرب و الإتصال :
_bبإثبات التصرف لأولياء الله تعالى بعد الإنتقال /
264 1 _aالقاهرة :
_bدار جوامع الكلم،
_c2003.
300 _a126ص.
500 _aويليه فتويات في الموضوع نفسه للإمامين الجليلين و العلامتين المحققين الشيخ محمد بخيت المطيعي الحنفي والشيخ يوسف بن نصر الدجوي
650 1 7 _aالإيمان
650 1 7 _aالعقيدة الدينية
650 1 7 _aالوفاة
650 1 7 _aالحياة الآخرة
942 _2ddc
_cBK
999 _c77050
_d77050